Breaking the rules : (Record no. 975)

MARC details
000 -LEADER
fixed length control field 01096cam a2200301 a 4500
005 - DATE AND TIME OF LATEST TRANSACTION
control field 20260322212041.0
008 - FIXED-LENGTH DATA ELEMENTS--GENERAL INFORMATION
fixed length control field data
010 ## - LIBRARY OF CONGRESS CONTROL NUMBER
LC control number 95077265
020 ## - INTERNATIONAL STANDARD BOOK NUMBER
International Standard Book Number 9781563522697 (hbk.)
020 ## - INTERNATIONAL STANDARD BOOK NUMBER
International Standard Book Number 1563522691 (hbk.)
040 ## - CATALOGING SOURCE
Original cataloging agency DLC
Transcribing agency DLC
Modifying agency DLC
050 00 - LIBRARY OF CONGRESS CALL NUMBER
Classification number GV884.B28
Item number T85 1996
082 00 - DEWEY DECIMAL CLASSIFICATION NUMBER
Classification number B
-- B
Edition information 22
092 ## - LOCALLY ASSIGNED DEWEY CALL NUMBER (OCLC)
Classification number 796.32 T85 1996
001 - CONTROL NUMBER
control field data
100 1# - MAIN ENTRY--PERSONAL NAME
Personal name Tulumello, Mike.
245 10 - TITLE STATEMENT
Title Breaking the rules :
Remainder of title a volatile season with sport's most colorful team : Charles Barkley's Phoenix Suns /
Statement of responsibility, etc. Mike Tulumello.
260 ## - PUBLICATION, DISTRIBUTION, ETC.
Place of publication, distribution, etc. Atlanta, GA :
Name of publisher, distributor, etc. Longstreet Press,
Date of publication, distribution, etc. c1996.
300 ## - PHYSICAL DESCRIPTION
Extent 299 p. :
Other physical details ill. ;
Dimensions 24 cm.
600 10 - SUBJECT ADDED ENTRY--PERSONAL NAME
Personal name Barkley, Charles,
Dates associated with a name 1963-
610 20 - SUBJECT ADDED ENTRY--CORPORATE NAME
Corporate name or jurisdiction name as entry element Phoenix Suns (Basketball team)
650 #0 - SUBJECT ADDED ENTRY--TOPICAL TERM
Topical term or geographic name entry element Basketball players
Geographic subdivision Phoenix
-- Phoenix
Form subdivision Biography
650 #0 - SUBJECT ADDED ENTRY--TOPICAL TERM
Topical term or geographic name entry element Basketball teams
Geographic subdivision Phoenix.
-- Phoenix.
906 ## - LOCAL DATA ELEMENT F, LDF (RLIN)
a 0
b ibc
c orignew
d 2
e opcn
f 19
g y-gencatlg
922 ## -
-- ad
955 ## - COPY-LEVEL INFORMATION (RLIN)
-- sf10 2008-04-22 (telework)
-- sf31 2008-04-29 to Dewey
963 ## -
-- Shannon Maggio (404-980-1488) 2140 Newmarket Pkwy, Ste 118, 30067
Holdings
Withdrawn status Lost status Damaged status Not for loan Home library Current library Shelving location Date acquired Total checkouts Full call number Barcode Date last seen Price effective from Koha item type
        Centerville Centerville General stacks 22/03/2026   796.323092 B 22 BC0011007 22/03/2026 22/03/2026 Books